00585nam a2200169Ia 4500003000900000008004100009040001600050080002000066100001700086245015400103260005100257300001000308650002100318650003000339650002700369700001900396IN-BaIIA211028s9999 xx 000 0 eng d cIIA Library a083:539.19bPHI aDavis, S. P. 4aThe swan system of the C2 moleculebthe spectrum of the HgH moleculecS. P. Davis and J. G. Phillips  aBerkeleybUniversity of California Pressc1968 a260p. aCarbon - spectra aMercury hydride - spectra aMolecular spectroscopy aPhilips, J. G.